Statystyki dla Członkowie Umbrella Academy

Kliknij tutaj aby rozwiązać quiz!

Ogólne statystyki

  • Ten quiz został rozwiązany 5 razy
  • Średni wynik to 6 z 10

Statystyki odpowiedzi

RolaImię% Poprawnych
Numer SześćBen Hargreeves
80%
Numer PięćFive Hargreeves
80%
Numer CzteryKlaus Hargreeves
80%
Numer JedenLuther Hargreeves
80%
Założycielsir Reginald Hargreeves
60%
Numer TrzyAllisonHargreeves
40%
Numer DwaDiego Hargreeves
40%
RobotGrace
40%
SzympansPogo
40%
Numer SiedemViktor Hargreeves
40%

Rozkład punktacji

Percentyl według liczby udzielonych odpowiedzi

Procent ludzi z każdym wynikiem

Twoja historia wyników

Nie rozwiązałeś tego quizu